Making the new manager : (Record no. 128970)

MARC details
000 -LEADER
fixed length control field 00769nam a22002297a 4500
005 - DATE AND TIME OF LATEST TRANSACTION
control field 20170124110049.0
010 ## - LIBRARY OF CONGRESS CONTROL NUMBER
LC control number B-021779
020 ## - INTERNATIONAL STANDARD BOOK NUMBER
Terms of availability 00.00
International Standard Book Number 8185989435
035 ## - SYSTEM CONTROL NUMBER
System control number B-021779
037 ## - SOURCE OF ACQUISITION
Source of stock number/acquisition Cen Lib/Ret
040 ## - CATALOGING SOURCE
Original cataloging agency DPL
Language of cataloging EN
082 ## - DEWEY DECIMAL CLASSIFICATION NUMBER
Classification number 658.409
Item number DWI
100 ## - MAIN ENTRY--PERSONAL NAME
Personal name Dwivedi, R. S.
9 (RLIN) 3288
245 ## - TITLE STATEMENT
Title Making the new manager :
Statement of responsibility, etc by R.S. Dwivedi
Remainder of title in search of HRD excellenc at the engineering horizons of business schools /
260 ## - PUBLICATION, DISTRIBUTION, ETC. (IMPRINT)
Place of publication, distribution, etc New Delhi
Name of publisher, distributor, etc Galgotia Publishing Company
Date of publication, distribution, etc 2000
270 ## - ADDRESS
Address Karol bagh
City New Delhi
Postal code 110005
300 ## - PHYSICAL DESCRIPTION
Extent xiv, 173p. ;
Dimensions 21cm(Hb)
Other physical details ill.
500 ## - GENERAL NOTE
General note Includes index
650 ## - SUBJECT ADDED ENTRY--TOPICAL TERM
Topical term or geographic name as entry element Executives -- India.
9 (RLIN) 80840
650 ## - SUBJECT ADDED ENTRY--TOPICAL TERM
Topical term or geographic name as entry element Business education -- India.
9 (RLIN) 80841
942 ## - ADDED ENTRY ELEMENTS (KOHA)
Source of classification or shelving scheme Dewey Decimal Classification
Koha item type English Books
Classification part 658.409
Call number suffix DWI
Holdings
Withdrawn status Lost status Damaged status Not for loan Home library Current library Date acquired Source of acquisition Cost, normal purchase price Total Checkouts Full call number Barcode Date last seen Copy number Cost, replacement price Price effective from Koha item type
        Central Library Central Library 04/07/2015 Cen Lib/Ret 0.00   658.409 DWI B-021779 04/07/2015 1 0.00 04/07/2015 English Books

© Delhi Public Library
Hit Counter
free hit counter